| 000 | 00516nam a2200181 4500 | ||
|---|---|---|---|
| 001 | VA16627 | ||
| 003 | ES-SlBCS | ||
| 005 | 20210601154408.0 | ||
| 008 | 140520s1954 xxu||||| |||| 00| 0 spa d | ||
| 041 | _aspa | ||
| 100 | 1 |
_aMeier, José _9369530 |
|
| 245 | 1 | 0 |
_aMaría en la vida de los jóvenes _b:Ordenado y editado según las notas de un director de jóvenes _cJosé Meier |
| 250 | _a2ª ed. | ||
| 260 |
_aMadrid : _bStudium _c, 1954 |
||
| 300 |
_a115 p.; _c19 cm |
||
| 650 |
_aMariología _913508 |
||
| 942 | _cBK | ||
| 999 |
_c804154 _d804154 |
||